00281nas a22001097a 4500008004100000022001400041245002100055260005900076300000900135546001400144653001300158130225t20009999ag ||||| |||| 00| 0 spa d a0325-6421 aComahue Médico aGeneral Roca:bColegio Médico de General Roca,c2000 av. : aespañol aMEDICINA